Quito integral : (Registro nro. 3293)
[ vista simple ]
| 000 -CABECERA | |
|---|---|
| campo de control de longitud fija | 00897nam a2200241 a 4500 |
| 001 - NÚMERO DE CONTROL | |
| campo de control | 000003464 |
| 005 - FECHA Y HORA DE LA ÚLTIMA TRANSACCIÓN | |
| campo de control | 20200929150442.0 |
| 008 - DATOS DE LONGITUD FIJA--INFORMACIÓN GENERAL | |
| campo de control de longitud fija | 090709s2008 ec c 000 0 spa d |
| 020 ## - NÚMERO INTERNACIONAL ESTÁNDAR DEL LIBRO | |
| Número Internacional Estándar del Libro | 9789942018137 |
| 040 ## - FUENTE DE LA CATALOGACIÓN | |
| Centro catalogador/agencia de origen | DO-SdBNP |
| 082 ## - NÚMERO DE LA CLASIFICACIÓN DECIMAL DEWEY | |
| Número de clasificación | 986.6 |
| Número de documento/Ítem | R738q |
| 049 ## - FONDOS LOCALES (OCLC) | |
| Fondos de biblioteca | BNPD |
| 100 1# - ENTRADA PRINCIPAL--NOMBRE DE PERSONA | |
| Nombre de persona | Ronh Bautista, Fernando |
| 9 (RLIN) | 10788 |
| 245 10 - MENCIÓN DE TÍTULO | |
| Título | Quito integral : |
| Resto del título | Y recuerdos de un quiteño amigo / |
| Mención de responsabilidad, etc. | Fernando Rohn Bautista ; presentación Jorge Salvador Lara. |
| 260 ## - PUBLICACIÓN, DISTRIBUCIÓN, ETC. | |
| Lugar de publicación, distribución, etc. | Quito : |
| Nombre del editor, distribuidor, etc. | Grupo Editorial Gráfica Amaranta, |
| Fecha de publicación, distribución, etc. | 2008. |
| 300 ## - DESCRIPCIÓN FÍSICA | |
| Extensión | 463 p. : |
| Otras características físicas | retrs. ; |
| Dimensiones | 21 cm. |
| 504 ## - NOTA DE BIBLIOGRAFÍA, ETC. | |
| Nota de bibliografía, etc. | Incluye referencias bibliográficas |
| 590 ## - NOTA LOCAL (RLIN) | |
| Nota local | La biblioteca posee un ejemplar autografiado por el autor. |
| 651 #4 - PUNTO DE ACCESO ADICIONAL DE MATERIA--NOMBRE GEOGRÁFICO | |
| Nombre geográfico | Quito (Ecuador{Rpara} |
| Subdivisión general | Historia |
| 9 (RLIN) | 10789 |
| 651 #4 - PUNTO DE ACCESO ADICIONAL DE MATERIA--NOMBRE GEOGRÁFICO | |
| Nombre geográfico | Quito (Ecuador{Rpara} |
| Subdivisión general | Vida Social Y Costumbres |
| 9 (RLIN) | 10790 |
| 700 0# - PUNTO DE ACCESO ADICIONAL--NOMBRE DE PERSONA | |
| Nombre de persona | Salvador Lara, Jorge |
| 9 (RLIN) | 10791 |
| 910 ## - DATOS DE OPCIÓN DEL USUARIO (OCLC) | |
| Datos de opción del usuario | Validado. Control de calidad BNPHU |
| Estado de retiro | Estado de pérdida | Restricciones de uso | No para préstamo | Código de colección | Localización permanente | Ubicación/localización actual | Ubicación en estantería | Fecha de adquisición | Número de inventario | Total de préstamos | Signatura topográfica completa | Código de barras | Fecha visto por última vez | Número de copia | Precio válido a partir de | Tipo de ítem Koha |
|---|---|---|---|---|---|---|---|---|---|---|---|---|---|---|---|---|
| Extraviado | Monografías: Libros y Folletos | General | General | Extraviado | 09.07.2009 | LF1 | 986.6 R738q | 3464-30 | 25.06.2020 | e. 3 | 25.06.2020 | Préstamo en sala | ||||
| Excluido de préstamo | Monografías: Libros y Folletos | Patrimonio Dominicano | Patrimonio Dominicano | Depósito | 09.07.2009 | LF1 | 986.6 R738q | 3464-10 | 25.06.2020 | 25.06.2020 | No se presta | |||||
| Extraviado | Excluido de préstamo | Monografías: Libros y Folletos | Patrimonio Dominicano | Patrimonio Dominicano | Extraviado | 09.07.2009 | LF1 | 986.6 R738q | 3464-20 | 25.06.2020 | e. 2 | 25.06.2020 | No se presta |
